[Event "Brasilia op"]
[Site "Brasilia"]
[Date "2025.01.11"]
[Round "7"]
[White "Colivet Gamboa, Julio Cesar"]
[Black "Dos Santos, Rodrigo Mello"]
[Result "1-0"]
[WhiteElo "2113"]
[BlackElo "1974"]
[PlyCount "81"]
[EventDate "2025.01.07"]
[EventType "swiss"]
[EventRounds "9"]
[EventCountry "BRA"]
[SourceTitle "CB12_2025"]
[SourceDate "2025.03.19"]
[SourceVersion "1"]
[SourceVersionDate "2025.03.19"]
[SourceQuality "1"]

1. c4 Nf6 2. Nc3 e6 3. Nf3 d5 4. d4 Be7 5. g3 0-0 6. Bg2 dxc4 7. 0-0 c5 8. dxc5 Qxd1 9. Rxd1 Nc6 10. Nd4 Nxd4 11. Rxd4 Bxc5 12. Rxc4 Bb6 13. Bg5 h6 14. Bxf6 gxf6 15. a4 Bd8 16. Rd1 e5 17. Bd5 Bf5 18. e4 Bg4 19. Rd3 Rc8 20. Rxc8 Bxc8 21. Nb5 Bb6 22. Nd6 Bd4 23. b3 b6 24. Bxf7+ Rxf7 25. Nxc8 Rd7 26. Rd2 a5 27. Nxb6 Rb7 28. Nc4 Rxb3 29. Nxa5 Rb1+ 30. Kg2 Bc3 31. Rd8+ Kg7 32. Nc6 Rb6 33. Rc8 Bd2 34. Rc7+ Kf8 35. a5 Ra6 36. Kh3 h5 37. Kh4 Bxa5 38. Nxa5 Rxa5 39. Kxh5 Ra2 40. f3 Rxh2+ 41. Kg6 1-0

[Event "Brasilia op"]
[Site "Brasilia"]
[Date "2025.01.10"]
[Round "6"]
[White "Dos Santos, Rodrigo Mello"]
[Black "Assuncao, Darlane Brito"]
[Result "1-0"]
[WhiteElo "1974"]
[BlackElo "1746"]
[PlyCount "25"]
[EventDate "2025.01.07"]
[EventType "swiss"]
[EventRounds "9"]
[EventCountry "BRA"]
[SourceTitle "CB12_2025"]
[SourceDate "2025.03.19"]
[SourceVersion "1"]
[SourceVersionDate "2025.03.19"]
[SourceQuality "1"]

1. e4 d6 2. d4 Nf6 3. Nc3 g6 4. Bg5 a6 5. Qd2 b5 6. f3 Nbd7 7. Bh6 Bxh6 8. Qxh6 b4 9. Nd1 c5 10. d5 Nb6 11. Ne3 e6 12. 0-0-0 Qc7 13. Qg7 1-0

[Event "Brasilia Centro Oeste op"]
[Site "Brasilia"]
[Date "2024.11.16"]
[Round "4"]
[White "Lima, Felipe De Araujo"]
[Black "Dos Santos, Rodrigo Mello"]
[Result "0-1"]
[WhiteElo "1851"]
[BlackElo "1938"]
[PlyCount "68"]
[EventDate "2024.11.15"]
[EventType "swiss"]
[EventRounds "6"]
[EventCountry "BRA"]
[SourceTitle "CB49_2024"]
[SourceDate "2024.12.04"]
[SourceVersion "1"]
[SourceVersionDate "2024.12.04"]
[SourceQuality "1"]

1. Nf3 f5 2. g3 Nf6 3. c4 d6 4. Bg2 e5 5. d3 Be7 6. Nc3 0-0 7. 0-0 Qe8 8. Ne1 Nc6 9. a3 f4 10. e3 g5 11. Nd5 Bd8 12. exf4 gxf4 13. gxf4 Kh8 14. fxe5 Nxd5 15. cxd5 Nxe5 16. f4 Ng4 17. Qf3 Rg8 18. Bd2 Bf6 19. Bc3 Qg6 20. h3 Nh6 21. Rc1 Rg7 22. Kh2 Bxc3 23. Rxc3 Nf5 24. d4 Nxd4 25. Qf2 Qf6 26. Rd3 Nf5 27. Be4 Bd7 28. Rg1 Rag8 29. Rxg7 Rxg7 30. Nf3 b6 31. Rc3 Bc8 32. Ng1 Re7 33. Qc2 Nd4 34. Qf2 Rxe4 0-1

[Event "Caioba op 7th"]
[Site "Caioba"]
[Date "2023.06.19"]
[Round "2"]
[White "Dos Santos, Rodrigo Mello"]
[Black "Terao, Juliana Sayumi"]
[Result "0-1"]
[WhiteElo "1885"]
[BlackElo "2211"]
[PlyCount "82"]
[EventDate "2023.06.18"]
[EventType "swiss"]
[EventRounds "9"]
[EventCountry "BRA"]
[SourceTitle "CBM 214 Extra"]
[Source "ChessBase"]
[SourceDate "2023.07.31"]
[SourceVersion "1"]
[SourceVersionDate "2023.07.31"]
[SourceQuality "1"]

1. e4 c5 2. Nf3 e6 3. d3 Nc6 4. g3 d5 5. Qe2 Nf6 6. Bg2 Be7 7. 0-0 b5 8. e5 Nd7 9. c3 a5 10. a4 b4 11. c4 Nb6 12. b3 Bb7 13. Rd1 Qc7 14. Bf4 Rd8 15. Nbd2 Qd7 16. Nf1 0-0 17. h4 Rfe8 18. N1h2 f5 19. Rab1 Qc7 20. Re1 dxc4 21. dxc4 Nd7 22. Rbd1 Nf8 23. h5 Rxd1 24. Rxd1 Rd8 25. Rd3 Rxd3 26. Qxd3 Qc8 27. g4 fxg4 28. Nxg4 Qe8 29. h6 Qh5 30. hxg7 Qxg4 31. gxf8Q+ Bxf8 32. Bg3 Qg7 33. Bh3 Qh6 34. Bg4 Nd4 35. Nh2 Qc1+ 36. Bd1 Qc3 37. Qf1 Nxb3 38. Ng4 Nd4 39. Nf6+ Kh8 40. f3 Nxf3+ 41. Kf2 Qd4+ 0-1

[Event "Rio de Janeiro Duchamp op 2nd"]
[Site "Rio de Janeiro"]
[Date "2018.11.17"]
[Round "5"]
[White "Dos Santos, Rodrigo Mello"]
[Black "Chaves, Jorge Antonio Torre"]
[Result "0-1"]
[WhiteElo "1965"]
[BlackElo "1922"]
[PlyCount "130"]
[EventDate "2018.11.14"]
[EventType "swiss"]
[EventRounds "9"]
[EventCountry "BRA"]
[SourceTitle "CBM 187 Extra"]
[Source "ChessBase"]
[SourceDate "2018.11.04"]
[SourceVersion "1"]
[SourceVersionDate "2018.11.04"]
[SourceQuality "1"]

1. e4 c5 2. Nf3 Nc6 3. Bb5 Qc7 4. 0-0 a6 5. Bxc6 dxc6 6. d3 e5 7. h3 Nf6 8. Nc3 h6 9. b3 g5 10. Nh2 Be6 11. Be3 0-0-0 12. Qe2 Be7 13. Na4 Nd7 14. c3 Rdg8 15. d4 cxd4 16. cxd4 exd4 17. Bxd4 Rh7 18. Qh5 Rg6 19. Ng4 Qf4 20. Rfe1 Bxg4 21. Qxg4 Qxg4 22. hxg4 h5 23. gxh5 Rxh5 24. Nb6+ Nxb6 25. Bxb6 Rgh6 26. Kf1 Bb4 27. Red1 Rh8 28. Rac1 g4 29. Rc4 Rh1+ 30. Ke2 Rxd1 31. Kxd1 Rh1+ 32. Ke2 Be7 33. Rc2 Kd7 34. Rd2+ Ke6 35. Rd1 Rh5 36. Bc7 Bc5 37. Bg3 Be7 38. Rc1 Ba3 39. Rd1 Be7 40. Rc1 b5 41. Rxc6+ Kd7 42. Rxa6 b4 43. Ra7+ Ke8 44. e5 Rh6 45. Kd3 Rc6 46. Ke4 Bc5 47. Ra8+ Kd7 48. Kd5 Bb6 49. Rb8 Rc5+ 50. Ke4 Rc6 51. Kf5 Rg6 52. Rb7+ Ke8 53. Bh4 Ba5 54. Bf6 g3 55. f3 Rh6 56. e6 fxe6+ 57. Kxe6 Bd8 58. Rf7 Rg6 59. f4 Rh6 60. f5 Bxf6 61. Rxf6 Rh7 62. Rg6 Kf8 63. Rxg3 Ra7 64. Re3 Re7+ 65. Kd5 Rxe3 0-1

[Event "Rio de Janeiro Duchamp op 2nd"]
[Site "Rio de Janeiro"]
[Date "2018.11.17"]
[Round "4"]
[White "Kruger, Israel"]
[Black "Dos Santos, Rodrigo Mello"]
[Result "1-0"]
[WhiteElo "1877"]
[BlackElo "1965"]
[PlyCount "59"]
[EventDate "2018.11.14"]
[EventType "swiss"]
[EventRounds "9"]
[EventCountry "BRA"]
[SourceTitle "CBM 187 Extra"]
[Source "ChessBase"]
[SourceDate "2018.11.04"]
[SourceVersion "1"]
[SourceVersionDate "2018.11.04"]
[SourceQuality "1"]

1. e4 c5 2. Nf3 d6 3. d4 cxd4 4. Nxd4 Nf6 5. Nc3 a6 6. Rg1 e5 7. Nb3 Be6 8. g4 b5 9. g5 Nfd7 10. Be3 Nb6 11. Bxb6 Qxb6 12. Nd5 Qd8 13. Qd2 Nd7 14. 0-0-0 Nb6 15. f4 Bxd5 16. exd5 Be7 17. fxe5 0-0 18. Na5 Qd7 19. Qe3 Na4 20. Bh3 Qc7 21. Nc6 Bd8 22. e6 fxe6 23. Bxe6+ Kh8 24. g6 Bf6 25. c3 a5 26. Rg3 Qb6 27. Nd4 Bxd4 28. Rxd4 Rf1+ 29. Kc2 Raf8 30. Bf7 1-0

[Event "Rio de Janeiro Duchamp op 2nd"]
[Site "Rio de Janeiro"]
[Date "2018.11.14"]
[Round "2"]
[White "Torella, Rodolfo"]
[Black "Dos Santos, Rodrigo Mello"]
[Result "1-0"]
[WhiteElo "2036"]
[BlackElo "1965"]
[PlyCount "121"]
[EventDate "2018.11.14"]
[EventType "swiss"]
[EventRounds "9"]
[EventCountry "BRA"]
[SourceTitle "CBM 187 Extra"]
[Source "ChessBase"]
[SourceDate "2018.11.04"]
[SourceVersion "1"]
[SourceVersionDate "2018.11.04"]
[SourceQuality "1"]

1. e4 c5 2. Nf3 d6 3. d4 cxd4 4. Nxd4 Nf6 5. f3 e5 6. Nb3 Be6 7. c4 Nbd7 8. Be3 Rc8 9. Na3 Be7 10. Rc1 a6 11. Be2 0-0 12. 0-0 Nh5 13. Qd2 g6 14. Rfd1 f5 15. exf5 gxf5 16. Qe1 Kh8 17. Bf1 Rg8 18. Nd4 Nf8 19. Nxe6 Nxe6 20. c5 Ng5 21. Kh1 Qe8 22. cxd6 Rxc1 23. Bxc1 Bd8 24. d7 Qe7 25. Bc4 Rg6 26. Bd2 b5 27. Bb4 Qg7 28. Bb3 Nf7 29. Bc3 Ng3+ 30. hxg3 Rh6+ 31. Kg1 Bb6+ 32. Qf2 Bxf2+ 33. Kxf2 Nd8 34. Re1 b4 35. Bxe5 Rf6 36. Nc4 h5 37. Nd6 Rxd6 38. Bxg7+ Kxg7 39. Ba4 Kf6 40. Re8 Ne6 41. Rh8 Kg6 42. Bb3 Kg7 43. Rxh5 Nc5 44. Rxf5 Nxb3 45. axb3 Rxd7 46. Re5 Rd2+ 47. Re2 Rd3 48. g4 Rxb3 49. Kg3 a5 50. g5 a4 51. Kg4 Rd3 52. g3 Rd4+ 53. f4 b3 54. Re7+ Kf8 55. Ra7 Rd2 56. Rxa4 Rxb2 57. Ra8+ Kg7 58. Rb8 Rb1 59. f5 b2 60. Rb7+ Kg8 61. g6 1-0

[Event "Rio de Janeiro Padua Memorial 3rd"]
[Site "Rio de Janeiro"]
[Date "2018.11.03"]
[Round "3"]
[White "Dos Santos, Rodrigo Mello"]
[Black "Souza Jr, Helemberg Cubica De"]
[Result "0-1"]
[WhiteElo "1965"]
[BlackElo "1753"]
[PlyCount "56"]
[EventDate "2018.11.02"]
[EventType "swiss"]
[EventRounds "6"]
[EventCountry "BRA"]
[SourceTitle "CBM 187 Extra"]
[Source "ChessBase"]
[SourceDate "2018.11.04"]
[SourceVersion "1"]
[SourceVersionDate "2018.11.04"]
[SourceQuality "1"]

1. e4 c5 2. Nf3 e6 3. d4 cxd4 4. Nxd4 a6 5. Nc3 d6 6. Be2 Nf6 7. Bg5 Be7 8. Qd2 0-0 9. 0-0-0 Qc7 10. h4 Nbd7 11. g4 b5 12. Bxf6 Nxf6 13. f3 b4 14. Nb1 d5 15. g5 Nh5 16. exd5 exd5 17. Bd3 Re8 18. Rde1 Bd7 19. Nf5 Bc5 20. Rxe8+ Rxe8 21. Re1 Rxe1+ 22. Qxe1 Bxf5 23. Bxf5 Qf4+ 24. Nd2 Qxf5 25. Nb3 Bf8 26. Kb1 Qxf3 27. Nd4 Qe4 28. Qd1 Qxh4 0-1

[Event "Rio de Janeiro Padua Memorial 3rd"]
[Site "Rio de Janeiro"]
[Date "2018.11.02"]
[Round "2"]
[White "Alboredo, Julia"]
[Black "Dos Santos, Rodrigo Mello"]
[Result "1-0"]
[WhiteElo "2188"]
[BlackElo "1965"]
[PlyCount "101"]
[EventDate "2018.11.02"]
[EventType "swiss"]
[EventRounds "6"]
[EventCountry "BRA"]
[SourceTitle "CBM 187 Extra"]
[Source "ChessBase"]
[SourceDate "2018.11.04"]
[SourceVersion "1"]
[SourceVersionDate "2018.11.04"]
[SourceQuality "1"]

1. e4 c5 2. Nf3 d6 3. d4 cxd4 4. Nxd4 Nf6 5. Nc3 a6 6. Be3 e5 7. Nb3 Be7 8. Qd2 Be6 9. 0-0-0 0-0 10. f4 Qc7 11. f5 Bc4 12. g4 d5 13. g5 Nxe4 14. Nxe4 dxe4 15. f6 gxf6 16. gxf6 Bxf6 17. Rg1+ Kh8 18. Bxc4 Qxc4 19. Qd6 Nd7 20. Qxd7 Qe2 21. Bh6 Rfc8 22. Qd2 Qh5 23. Be3 Rg8 24. Nc5 Qf3 25. Rgf1 Qxe3 26. Qxe3 Bg5 27. Qxg5 Rxg5 28. Nxe4 Rg7 29. Rd7 Rf8 30. Nd6 f6 31. Rxg7 Kxg7 32. Rg1+ Kh6 33. Nf5+ Kh5 34. Kd2 Rc8 35. Rg7 Rc4 36. Ne3 Rd4+ 37. Ke2 b5 38. Rxh7+ Kg6 39. Rh8 Ra4 40. a3 Kg7 41. Rc8 Kg6 42. c4 b4 43. Nc2 bxa3 44. bxa3 e4 45. Ke3 f5 46. Kf4 Ra5 47. c5 Ra4 48. c6 Rc4 49. Ne3 Rc5 50. c7 Kf7 51. Rh8 1-0

[Event "Rio de Janeiro Duchamp op U2200"]
[Site "Rio de Janeiro"]
[Date "2017.11.16"]
[Round "3"]
[White "Dos Santos, Rodrigo Mello"]
[Black "Carvalho, Celestino Jr"]
[Result "1/2-1/2"]
[WhiteElo "1869"]
[BlackElo "1993"]
[PlyCount "77"]
[EventDate "2017.11.11"]
[EventType "swiss"]
[EventRounds "5"]
[EventCountry "BRA"]
[SourceTitle "EXT 2019"]
[Source "ChessBase"]
[SourceDate "2018.10.10"]
[SourceVersion "1"]
[SourceVersionDate "2018.10.10"]
[SourceQuality "1"]

1. e4 c5 2. Nf3 e6 3. d4 cxd4 4. Nxd4 Nc6 5. Nc3 Qb6 6. f4 a6 7. Nxc6 bxc6 8. Bd3 Bc5 9. e5 f5 10. Qe2 Ne7 11. Be3 Qa7 12. Bd2 Nd5 13. Nxd5 cxd5 14. g4 0-0 15. gxf5 exf5 16. 0-0-0 Rb8 17. Kb1 Rb6 18. h4 a5 19. Rh3 Re6 20. Qg2 Bb7 21. Rg3 Re7 22. Qh3 Ref7 23. Rg5 Qb6 24. Bxf5 h6 25. Rg6 Bc6 26. Bd3 Ba3 27. Bc1 Bxb2 28. Bxb2 Rb8 29. Bb5 Qxb5 30. Qb3 a4 31. Qxb5 Rxb5 32. Kc1 Rb4 33. e6 dxe6 34. Be5 Rfb7 35. Kd2 Be8 36. Rxe6 Bf7 37. Rd6 R4b6 38. Rd8+ Kh7 39. Ra8 1/2-1/2

[Event "Rio de Janeiro Duchamp op"]
[Site "Rio de Janeiro"]
[Date "2017.11.13"]
[Round "4"]
[White "Dos Santos, Rodrigo Mello"]
[Black "Torres, Eduardo Lisboa"]
[Result "1-0"]
[WhiteElo "1869"]
[BlackElo "1927"]
[PlyCount "89"]
[EventDate "2017.11.11"]
[EventType "swiss"]
[EventRounds "9"]
[EventCountry "BRA"]
[SourceTitle "CBM 181 Extra"]
[Source "ChessBase"]
[SourceDate "2017.12.12"]
[SourceVersion "1"]
[SourceVersionDate "2017.12.12"]
[SourceQuality "1"]

1. e4 c5 2. Nf3 d6 3. d4 cxd4 4. Nxd4 Nf6 5. Nc3 g6 6. Be3 Bg7 7. f3 0-0 8. Qd2 Nc6 9. g4 Bxg4 10. fxg4 Nxg4 11. Nxc6 bxc6 12. Bf4 Qa5 13. Be2 Bxc3 14. Qxc3 Qxc3+ 15. bxc3 Nf6 16. Bd3 Kg7 17. Rb1 Rab8 18. 0-0 Nd7 19. Be3 c5 20. Bf4 f6 21. Rb3 Rb6 22. Rfb1 Rfb8 23. a4 c4 24. Bxc4 Nc5 25. Rxb6 Rxb6 26. Rxb6 axb6 27. Bb5 Nxe4 28. Be3 Nc5 29. Kf2 e5 30. Kf3 e4+ 31. Kf4 f5 32. h4 h6 33. Bd4+ Kf7 34. Bc4+ Ke7 35. Bxc5 dxc5 36. Ke5 h5 37. Bd5 Kd7 38. Bf7 e3 39. Bc4 Ke7 40. Kf4 Kf6 41. Bd3 Ke6 42. Kxe3 Ke5 43. Bc4 f4+ 44. Kf3 Kf5 45. Bd3+ 1-0

[Event "Rio de Janeiro Duchamp op"]
[Site "Rio de Janeiro"]
[Date "2017.11.11"]
[Round "1"]
[White "Souza Neves, Andrey Marcelo"]
[Black "Dos Santos, Rodrigo Mello"]
[Result "0-1"]
[WhiteElo "2210"]
[BlackElo "1869"]
[PlyCount "68"]
[EventDate "2017.11.11"]
[EventType "swiss"]
[EventRounds "9"]
[EventCountry "BRA"]
[SourceTitle "CBM 181 Extra"]
[Source "ChessBase"]
[SourceDate "2017.12.12"]
[SourceVersion "1"]
[SourceVersionDate "2017.12.12"]
[SourceQuality "1"]

1. d4 Nf6 2. c4 c5 3. d5 e6 4. Nc3 exd5 5. cxd5 d6 6. Nf3 g6 7. Bf4 Be7 8. e4 a6 9. a4 Bg4 10. a5 0-0 11. Be2 Bxf3 12. Bxf3 Nbd7 13. 0-0 Re8 14. Re1 Bf8 15. Qd2 Rb8 16. h3 Qc7 17. Bg5 Bg7 18. Qf4 b5 19. Rad1 Re5 20. Qh4 Ree8 21. b4 cxb4 22. Ne2 h6 23. Bxh6 Bxh6 24. Qxh6 Nxe4 25. Nf4 Nef6 26. Re6 Nh7 27. Rde1 fxe6 28. Qxg6+ Kh8 29. Nxe6 Qc3 30. Re4 Rg8 31. Qf7 Ne5 32. Qxh7+ Kxh7 33. Rh4+ Kg6 34. Bh5+ Kf6 0-1

[Event "Belo Horizonte Mineiro-ch"]
[Site "Belo Horizonte"]
[Date "2015.11.21"]
[Round "4"]
[White "Dos Santos, Rodrigo Mello"]
[Black "De Souza E Silva, Luis Gonzaga"]
[Result "1-0"]
[WhiteElo "1850"]
[BlackElo "1434"]
[PlyCount "93"]
[EventDate "2015.11.20"]
[EventType "swiss"]
[EventRounds "6"]
[EventCountry "BRA"]
[SourceTitle "CBM 169 Extra"]
[Source "ChessBase"]
[SourceDate "2015.12.18"]
[SourceVersion "1"]
[SourceVersionDate "2015.12.18"]
[SourceQuality "1"]

1. e4 d5 2. exd5 Qxd5 3. Nc3 Qa5 4. Nf3 Nf6 5. d4 c6 6. Bd3 Bg4 7. 0-0 e6 8. h3 Bxf3 9. Qxf3 Nbd7 10. a3 Be7 11. b4 Bxb4 12. Ne4 Rb8 13. Bf4 Bc3 14. Nxc3 Rd8 15. Ne4 0-0 16. Bg5 Qd5 17. Nxf6+ Nxf6 18. Qxd5 Rxd5 19. Bxf6 gxf6 20. c3 Rd6 21. Rfe1 c5 22. Re4 Rfd8 23. Rg4+ Kh8 24. Rh4 f5 25. Be2 cxd4 26. cxd4 Rd5 27. Bf3 Rb5 28. a4 Rb4 29. a5 e5 30. g3 exd4 31. Rf4 Rb5 32. g4 fxg4 33. hxg4 d3 34. Rxf7 d2 35. Kg2 Rc5 36. Rh1 h5 37. Rxb7 Rc1 38. Rxh5+ Kg8 39. Bd5+ Rxd5 40. Rxd5 d1Q 41. Rxd1 Rxd1 42. Rxa7 Rd5 43. a6 Rd6 44. Ra8+ Kf7 45. a7 Ra6 46. Rh8 Kg7 47. a8Q 1-0